[Event "World Corporate East F"]
[Site "Chess.com INT"]
[Date "2021.02.20"]
[Round "5.6"]
[White "Matta, Vinay Kumar"]
[Black "Kulkarni, Chinmay"]
[Result "1-0"]
[WhiteElo "2305"]
[BlackElo "2333"]
[PlyCount "77"]
[EventDate "2021.02.19"]
[EventType "team (rapid)"]
[EventRounds "7"]
[EventCountry "USA"]
[SourceTitle "EXT 2022"]
[Source "ChessBase"]
[SourceDate "2021.10.06"]
[SourceVersion "1"]
[SourceVersionDate "2021.10.06"]
[SourceQuality "1"]
[WhiteTeam "Union Bank of India"]
[BlackTeam "Maharashtra UBS"]
[WhiteTeamCountry "IND"]
[BlackTeamCountry "IND"]

1. e4 c5 2. Nf3 Nc6 3. d4 cxd4 4. Nxd4 g6 5. Nc3 Bg7 6. Be3 Nf6 7. Be2 0-0 8. 0-0 d6 9. Nb3 Be6 10. f4 Rc8 11. f5 Bd7 12. g4 Ne5 13. g5 Ne8 14. fxg6 fxg6 15. Qd5+ e6 16. Qxb7 Rc7 17. Qa6 Qe7 18. Rxf8+ Bxf8 19. Rf1 Bg7 20. Nd4 Bc8 21. Qa4 Nd7 22. Nc6 Rxc6 23. Qxc6 Qd8 24. Ba6 Bxa6 25. Qxa6 Be5 26. Qe2 Ng7 27. Qf2 Qe7 28. h4 Nh5 29. Qf3 a6 30. Nd1 Bg7 31. Nf2 Ne5 32. Qg2 Nc4 33. Bc1 Nxb2 34. e5 Bxe5 35. Ng4 Bd4+ 36. Kh1 Qe8 37. Nh6+ Kh8 38. c3 Be5 39. Nf7+ 1-0

[Event "India rating op"]
[Site "India"]
[Date "2019.02.03"]
[Round "8"]
[White "Bartakke, Amardeep S"]
[Black "Kulkarni, Chinmay"]
[Result "0-1"]
[WhiteElo "2134"]
[BlackElo "2271"]
[PlyCount "74"]
[EventDate "2019.02.03"]
[EventType "swiss"]
[EventRounds "11"]
[EventCountry "IND"]
[SourceTitle "EXT 2021"]
[Source "ChessBase"]
[SourceDate "2020.10.23"]
[SourceVersion "1"]
[SourceVersionDate "2020.10.23"]
[SourceQuality "1"]

1. e4 c5 2. Nf3 Nc6 3. d4 cxd4 4. Nxd4 g6 5. Nc3 Bg7 6. Be3 Nf6 7. Bc4 0-0 8. Bb3 Re8 9. f3 d5 10. Nxc6 bxc6 11. e5 Nd7 12. f4 e6 13. Qf3 Bb7 14. Qf2 c5 15. Bxc5 Nxc5 16. Qxc5 d4 17. Ne2 Bxg2 18. Rg1 Bf3 19. Qxd4 Qc7 20. Qe3 Bxe2 21. Qxe2 Bh6 22. Rf1 a5 23. 0-0-0 a4 24. Bc4 a3 25. b3 Qa5 26. Qd2 Qb6 27. Qd4 Qb4 28. Qd2 Qe7 29. Kb1 Red8 30. Qf2 Qb4 31. Qe1 Rxd1+ 32. Qxd1 Qc3 33. Qc1 g5 34. Be2 gxf4 35. Rf3 Qxe5 36. Qg1+ Bg7 37. c3 Qxe2 0-1

[Event "India rating op"]
[Site "India"]
[Date "2019.02.03"]
[Round "11"]
[White "Kulkarni, Chinmay"]
[Black "Krishna, C Revanth Gopala"]
[Result "1-0"]
[WhiteElo "2271"]
[BlackElo "2443"]
[PlyCount "58"]
[EventDate "2019.02.03"]
[EventType "swiss"]
[EventRounds "11"]
[EventCountry "IND"]
[SourceTitle "EXT 2021"]
[Source "ChessBase"]
[SourceDate "2020.10.23"]
[SourceVersion "1"]
[SourceVersionDate "2020.10.23"]
[SourceQuality "1"]

1. e4 e6 2. d4 d5 3. Nd2 Nf6 4. e5 Nfd7 5. f4 c5 6. c3 Nc6 7. Ndf3 cxd4 8. cxd4 f5 9. Bd3 Be7 10. Ne2 Nb6 11. 0-0 Bd7 12. Nc3 0-0 13. Kh1 a5 14. Rg1 a4 15. a3 Na5 16. Rb1 Rc8 17. g4 Nb3 18. Be3 Nc4 19. Qe1 Qa5 20. gxf5 exf5 21. Ng5 Nxa3 22. e6 Be8 23. Qg3 Bg6 24. Nxh7 Rf6 25. Nxf6+ Bxf6 26. Qxg6 Qc7 27. Bxf5 Nxb1 28. Qh7+ Kf8 29. Nxd5 Na5 1-0

[Event "Abu Dhabi op 25th"]
[Site "Abu Dhabi"]
[Date "2018.08.11"]
[Round "4"]
[White "Kulkarni, Chinmay"]
[Black "Sindarov, Javokhir"]
[Result "0-1"]
[WhiteElo "2355"]
[BlackElo "2488"]
[PlyCount "88"]
[EventDate "2018.08.07"]
[EventType "swiss"]
[EventRounds "9"]
[EventCountry "UAE"]
[SourceTitle "CBM 185 Extra"]
[Source "ChessBase"]
[SourceDate "2018.07.29"]
[SourceVersion "1"]
[SourceVersionDate "2018.07.29"]
[SourceQuality "1"]

1. e4 e5 2. Nf3 Nc6 3. Bb5 a6 4. Ba4 d6 5. d4 Bd7 6. 0-0 exd4 7. Nxd4 b5 8. Nxc6 Bxc6 9. Bb3 Nf6 10. c4 Be7 11. Re1 0-0 12. Nc3 Nd7 13. Be3 Bf6 14. cxb5 axb5 15. Bd4 Re8 16. Rc1 Bxd4 17. Qxd4 Nc5 18. Bd5 Bxd5 19. Qxd5 c6 20. Qxc6 Nd3 21. Qxb5 Nxc1 22. Rxc1 Rb8 23. Qe2 d5 24. Rd1 d4 25. h3 Qb6 26. Nd5 Qxb2 27. Qxb2 Rxb2 28. Rxd4 Rxa2 29. f3 Rb8 30. Kh2 h6 31. Kg3 Kh7 32. h4 Rbb2 33. Ne3 Ra3 34. Nd5 Raa2 35. Ne3 Rd2 36. Rc4 Ra3 37. Nd5 f5 38. Rc7 fxe4 39. Nf6+ Kg6 40. Nxe4 Re2 41. Kh2 Rxf3 42. h5+ Kh7 43. Ng3 Ra2 44. Nh1 Rf5 0-1

[Event "Abu Dhabi op 25th"]
[Site "Abu Dhabi"]
[Date "2018.08.11"]
[Round "5"]
[White "Pranav, Anand"]
[Black "Kulkarni, Chinmay"]
[Result "1-0"]
[WhiteElo "2260"]
[BlackElo "2355"]
[PlyCount "89"]
[EventDate "2018.08.07"]
[EventType "swiss"]
[EventRounds "9"]
[EventCountry "UAE"]
[SourceTitle "CBM 185 Extra"]
[Source "ChessBase"]
[SourceDate "2018.07.29"]
[SourceVersion "1"]
[SourceVersionDate "2018.07.29"]
[SourceQuality "1"]

1. d4 d5 2. c4 c6 3. Nf3 Nf6 4. e3 g6 5. Nc3 Bg7 6. Be2 0-0 7. 0-0 Bg4 8. cxd5 cxd5 9. h3 Bc8 10. Bd2 Nc6 11. Qb3 Ne4 12. Rfd1 Rb8 13. Rac1 Nxd2 14. Nxd2 Be6 15. Na4 Na5 16. Qa3 b6 17. Nc3 Qd7 18. Bb5 Qb7 19. b4 Nc4 20. Nxc4 dxc4 21. d5 Bf5 22. Bxc4 Qd7 23. Bb5 Qd6 24. Qa4 a5 25. a3 axb4 26. axb4 Ra8 27. Qb3 Qf6 28. Bc6 Rad8 29. Qc4 Bh6 30. Qd4 Qg5 31. Kf1 e5 32. Qxb6 Qh4 33. Qc5 e4 34. Ke2 Bg7 35. d6 h5 36. b5 Kh8 37. Rd2 Qg5 38. Nxe4 Qh4 39. Ng3 Be6 40. Kf1 Bf6 41. Ne4 Bg7 42. Qg5 Qxg5 43. Nxg5 Bf5 44. e4 Bc8 45. d7 1-0

[Event "Pardubice op rapid 29th"]
[Site "Pardubice"]
[Date "2018.07.19"]
[Round "4"]
[White "Gukesh, Dommaraju"]
[Black "Kulkarni, Chinmay"]
[Result "0-1"]
[WhiteElo "2433"]
[BlackElo "2336"]
[PlyCount "134"]
[EventDate "2018.07.18"]
[EventType "swiss (rapid)"]
[EventRounds "9"]
[EventCountry "CZE"]
[SourceTitle "CBM 185 Extra"]
[Source "ChessBase"]
[SourceDate "2018.07.29"]
[SourceVersion "1"]
[SourceVersionDate "2018.07.29"]
[SourceQuality "1"]

1. e4 c5 2. Nf3 Nc6 3. d4 cxd4 4. Nxd4 Qb6 5. Nb3 Nf6 6. Nc3 e6 7. Be3 Qc7 8. Be2 a6 9. a4 b6 10. 0-0 Bb7 11. f4 d6 12. Bf3 Be7 13. Qe2 0-0 14. a5 Nxa5 15. Nxa5 bxa5 16. Qf2 Nd7 17. Rfd1 Rac8 18. Rd2 Nc5 19. Bd4 e5 20. Be3 exf4 21. Bxf4 Qb6 22. Rb1 Rfd8 23. Be3 Qc7 24. Bd4 Bf8 25. Rf1 Re8 26. Bg4 Rb8 27. Bh5 Re7 28. e5 Rd7 29. Bxc5 dxc5 30. Rxd7 Qxd7 31. Qxf7+ Qxf7 32. Bxf7+ Kh8 33. Bd5 Bxd5 34. Nxd5 c4 35. e6 Bc5+ 36. Kh1 Kg8 37. Re1 Rxb2 38. e7 Bxe7 39. Nxe7+ Kf7 40. Nc6 a4 41. Ne5+ Kf6 42. Nxc4 Rxc2 43. Ne3 Ra2 44. Nd5+ Kf7 45. Nc3 Ra3 46. Rc1 Ke6 47. Kg1 Ke5 48. Kf2 Kd4 49. Ne2+ Kd3 50. Rd1+ Kc4 51. Rd4+ Kc5 52. Rd7 Ra2 53. Ra7 Kb6 54. Rxg7 a3 55. Rxh7 Rxe2+ 56. Kxe2 a2 57. Rh6+ Ka5 58. Rh5+ Kb4 59. Rh4+ Kb3 60. Rh3+ Kb2 61. Rd3 a1Q 62. h4 Qh1 63. g3 Qg2+ 64. Ke1 Qe4+ 65. Kd2 a5 66. h5 Qg2+ 67. Ke1 Qh1+ 0-1

[Event "Pardubice op rapid 29th"]
[Site "Pardubice"]
[Date "2018.07.19"]
[Round "9"]
[White "Kulkarni, Chinmay"]
[Black "Nikologorsky, Matfei"]
[Result "1/2-1/2"]
[WhiteElo "2336"]
[BlackElo "2222"]
[PlyCount "84"]
[EventDate "2018.07.18"]
[EventType "swiss (rapid)"]
[EventRounds "9"]
[EventCountry "CZE"]
[SourceTitle "CBM 185 Extra"]
[Source "ChessBase"]
[SourceDate "2018.07.29"]
[SourceVersion "1"]
[SourceVersionDate "2018.07.29"]
[SourceQuality "1"]

1. e4 c5 2. Nf3 e6 3. d4 cxd4 4. Nxd4 a6 5. c4 Qc7 6. Nc3 d6 7. Be2 b6 8. 0-0 Bb7 9. f4 Nf6 10. Bf3 Qxc4 11. e5 Bxf3 12. Qxf3 Nd5 13. Be3 Nc6 14. Nxd5 exd5 15. Nf5 Qe4 16. Qxe4 dxe4 17. Rac1 Nb4 18. exd6 g6 19. Ne7 Bxe7 20. dxe7 Nd5 21. Bd4 Rg8 22. f5 Nxe7 23. f6 Nd5 24. Rfe1 Kd7 25. Rcd1 Rge8 26. Bxb6 Kc6 27. Bd4 Re6 28. Rc1+ Kb7 29. Rc5 Rd8 30. Rec1 e3 31. Re1 Nxf6 32. Bc3 Ne4 33. Rc4 Nxc3 34. Rxc3 Rde8 35. Re2 f5 36. g3 g5 37. Kg2 f4 38. gxf4 gxf4 39. Kf3 Rf8 40. Rc4 Ref6 41. Rec2 R8f7 42. h4 Re6 1/2-1/2

[Event "Pardubice op rapid 29th"]
[Site "Pardubice"]
[Date "2018.07.18"]
[Round "2"]
[White "Kulkarni, Chinmay"]
[Black "Mozharov, Mikhail"]
[Result "1-0"]
[WhiteElo "2336"]
[BlackElo "2542"]
[PlyCount "71"]
[EventDate "2018.07.18"]
[EventType "swiss (rapid)"]
[EventRounds "9"]
[EventCountry "CZE"]
[SourceTitle "CBM 185 Extra"]
[Source "ChessBase"]
[SourceDate "2018.07.29"]
[SourceVersion "1"]
[SourceVersionDate "2018.07.29"]
[SourceQuality "1"]

1. e4 c5 2. Nf3 Nc6 3. d4 cxd4 4. Nxd4 Nf6 5. Nc3 e5 6. Ndb5 d6 7. Bg5 a6 8. Na3 b5 9. Bxf6 gxf6 10. Nd5 f5 11. exf5 Bxf5 12. c3 Bg7 13. Nc2 0-0 14. Nce3 Be6 15. g3 f5 16. Bg2 Rc8 17. Qh5 b4 18. 0-0 bxc3 19. bxc3 Ne7 20. Rad1 e4 21. c4 Nxd5 22. cxd5 Bd7 23. Rc1 Bc3 24. Rc2 Qf6 25. Rfc1 Ba4 26. Re2 Bb5 27. Bh3 Bxe2 28. Qxe2 Qg5 29. Qxa6 f4 30. Be6+ Kh8 31. h4 Qg7 32. Nf5 Qc7 33. Bxc8 fxg3 34. Be6 gxf2+ 35. Kf1 Qc5 36. Qc6 1-0

[Event "Pardubice op rapid 29th"]
[Site "Pardubice"]
[Date "2018.07.18"]
[Round "1"]
[White "Kulkarni, Chinmay"]
[Black "Trost, Edvin"]
[Result "1-0"]
[WhiteElo "2336"]
[BlackElo "1925"]
[PlyCount "95"]
[EventDate "2018.07.18"]
[EventType "swiss (rapid)"]
[EventRounds "9"]
[EventCountry "CZE"]
[SourceTitle "CBM 185 Extra"]
[Source "ChessBase"]
[SourceDate "2018.07.29"]
[SourceVersion "1"]
[SourceVersionDate "2018.07.29"]
[SourceQuality "1"]

1. e4 c5 2. Nf3 e6 3. d4 cxd4 4. Nxd4 a6 5. c4 Qc7 6. Nc3 Nf6 7. Be3 d6 8. Bd3 Be7 9. 0-0 0-0 10. Rc1 Nbd7 11. f4 Re8 12. Kh1 b6 13. f5 Ne5 14. Be2 Bf8 15. Bg5 Nfd7 16. b3 Bb7 17. fxe6 fxe6 18. Bg4 Nxg4 19. Qxg4 Ne5 20. Qh3 Qd7 21. Na4 Bxe4 22. Nxb6 Qb7 23. Nxa8 Qxa8 24. Rce1 Nd3 25. Re3 h6 26. Bxh6 gxh6 27. Rxd3 Bxd3 28. Qxd3 Re7 29. Qg6+ Rg7 30. Qxe6+ Kh8 31. Qd5 Qxd5 32. cxd5 Be7 33. Ne6 Rg4 34. Rf4 Rxf4 35. Nxf4 Kg7 36. g4 Kf6 37. Kg2 Bd8 38. Nd3 h5 39. gxh5 Kg5 40. Kf3 Kxh5 41. Ke4 Kg4 42. Nb4 a5 43. Nc6 Bb6 44. Kd3 Bg1 45. Nxa5 Bxh2 46. Ke4 Kg5 47. Nc6 Kf6 48. a4 1-0

[Event "Paracin Summer op-A 11th"]
[Site "Paracin"]
[Date "2018.07.09"]
[Round "4"]
[White "Kulkarni, Chinmay"]
[Black "Eswaran, Ashritha"]
[Result "1-0"]
[WhiteElo "2336"]
[BlackElo "2092"]
[PlyCount "69"]
[EventDate "2018.07.06"]
[EventType "swiss"]
[EventRounds "9"]
[EventCountry "SRB"]
[SourceTitle "CBM 185 Extra"]
[Source "ChessBase"]
[SourceDate "2018.07.29"]
[SourceVersion "1"]
[SourceVersionDate "2018.07.29"]
[SourceQuality "1"]

1. e4 c5 2. Nf3 d6 3. d4 cxd4 4. Nxd4 Nf6 5. Nc3 g6 6. Be3 Bg7 7. f3 Nc6 8. Qd2 0-0 9. 0-0-0 d5 10. Nxc6 bxc6 11. Bh6 Rb8 12. h4 Qb6 13. b3 Bxh6 14. Qxh6 Qc5 15. Kb2 dxe4 16. Qg5 Qxg5 17. hxg5 Nd5 18. Nxe4 Bf5 19. Re1 Rfe8 20. Nc5 Rbd8 21. g4 Bc8 22. Bc4 Kg7 23. Re2 Nb6 24. Bxf7 Kxf7 25. Rxh7+ Kf8 26. Reh2 e5 27. Rxa7 Nd7 28. Rh7 Kg8 29. Nxd7 Bxd7 30. Raxd7 Rxd7 31. Rxd7 e4 32. fxe4 Rxe4 33. Rd6 Kg7 34. Rxc6 Rxg4 35. Rc5 1-0

[Event "Montcada op-A 26th"]
[Site "Montcada"]
[Date "2018.06.30"]
[Round "7"]
[White "Kulkarni, Chinmay"]
[Black "Oliva Castaneda, Kevel"]
[Result "0-1"]
[WhiteElo "2281"]
[BlackElo "2516"]
[PlyCount "80"]
[EventDate "2018.06.25"]
[EventType "swiss"]
[EventRounds "9"]
[EventCountry "ESP"]
[SourceTitle "CBM 185 Extra"]
[Source "ChessBase"]
[SourceDate "2018.07.29"]
[SourceVersion "1"]
[SourceVersionDate "2018.07.29"]
[SourceQuality "1"]

1. e4 c5 2. Nf3 d6 3. d4 cxd4 4. Nxd4 Nf6 5. Nc3 a6 6. h4 e5 7. Nb3 Be7 8. Bg5 Nbd7 9. f3 b5 10. Qd2 Bb7 11. Bxf6 Nxf6 12. 0-0-0 0-0 13. a3 Qb6 14. g4 Rfd8 15. g5 Nh5 16. Nd5 Bxd5 17. exd5 a5 18. Kb1 Rdb8 19. Nc1 f5 20. gxf6 Bxf6 21. Bd3 Kh8 22. Rhg1 Qc7 23. Rg4 Qd7 24. Rdg1 b4 25. a4 Qxa4 26. Qe2 Qe8 27. Qe4 Qg8 28. Ne2 a4 29. Rg6 Be7 30. Re6 Nf6 31. Qf5 Qf7 32. h5 a3 33. b3 Rf8 34. Ka2 Ra7 35. Ng3 Qg8 36. Ne4 Nxd5 37. Qg4 Rf4 38. Qh3 Rxe4 39. Bxe4 Nf4 40. Rxe7 Nxh3 0-1

[Event "Montcada op-A 26th"]
[Site "Montcada"]
[Date "2018.06.28"]
[Round "4"]
[White "Harsha, Bharathakoti"]
[Black "Kulkarni, Chinmay"]
[Result "1-0"]
[WhiteElo "2471"]
[BlackElo "2281"]
[PlyCount "41"]
[EventDate "2018.06.25"]
[EventType "swiss"]
[EventRounds "9"]
[EventCountry "ESP"]
[SourceTitle "CBM 185 Extra"]
[Source "ChessBase"]
[SourceDate "2018.07.29"]
[SourceVersion "1"]
[SourceVersionDate "2018.07.29"]
[SourceQuality "1"]

1. Nf3 d5 2. e3 Nf6 3. c4 e6 4. Nc3 c5 5. cxd5 exd5 6. d4 Nc6 7. Be2 a6 8. 0-0 cxd4 9. exd4 Be7 10. Ne5 0-0 11. Be3 Be6 12. f4 Ne4 13. f5 Nxc3 14. bxc3 Bc8 15. Bd3 Bd6 16. Qh5 f6 17. Ng6 Re8 18. Rf3 Qd7 19. Raf1 hxg6 20. fxg6 Kf8 21. Rxf6+ 1-0

[Event "Aurangabad MyBrain op 1st"]
[Site "Aurangabad"]
[Date "2018.04.29"]
[Round "7"]
[White "Kathmale, Sameer"]
[Black "Kulkarni, Chinmay"]
[Result "1/2-1/2"]
[WhiteElo "2240"]
[BlackElo "2259"]
[PlyCount "102"]
[EventDate "2018.04.28"]
[EventType "swiss (rapid)"]
[EventRounds "9"]
[EventCountry "IND"]
[SourceTitle "CBM 184 Extra"]
[Source "ChessBase"]
[SourceDate "2018.06.28"]
[SourceVersion "1"]
[SourceVersionDate "2018.06.28"]
[SourceQuality "1"]

1. e4 c5 2. Nf3 Nc6 3. c3 Nf6 4. e5 Nd5 5. Bc4 Nb6 6. Bb3 d6 7. exd6 Qxd6 8. Na3 Be6 9. 0-0 Bxb3 10. axb3 e6 11. Re1 Be7 12. d4 cxd4 13. Nb5 Qd7 14. Nbxd4 0-0 15. Nxc6 Qxc6 16. Be3 Rad8 17. Bd4 a6 18. Ne5 Qc7 19. Qg4 Bf6 20. Rad1 Nd5 21. h4 Ne7 22. Nd7 Rxd7 23. Bxf6 Nf5 24. Rxd7 Qxd7 25. Re5 h5 26. Qg5 Qd1+ 27. Kh2 Qg4 28. Rc5 Qxg5 29. Bxg5 f6 30. Bc1 Nxh4 31. Rxh5 Nf5 32. g4 Nd6 33. Rh3 Ne4 34. Kg2 Rd8 35. Rh1 Nc5 36. b4 Na4 37. Re1 Kf7 38. Kf3 b5 39. Ke2 e5 40. Rh1 Rd7 41. Rh3 Nb6 42. b3 Nd5 43. Bd2 Rc7 44. Rg3 Ke6 45. Kd3 Rd7 46. Kc2 Rc7 47. Kd3 Rd7 48. Kc2 Rc7 49. Kd3 Rd7 50. Kc2 Rc7 51. Kd3 Kf7 1/2-1/2

[Event "Thane ARMS op 1st"]
[Site "Thane"]
[Date "2018.04.21"]
[Round "6"]
[White "Kulkarni, Chinmay"]
[Black "Krishnater, Kushager"]
[Result "1-0"]
[WhiteElo "2259"]
[BlackElo "1758"]
[PlyCount "44"]
[EventDate "2018.04.21"]
[EventType "swiss (rapid)"]
[EventRounds "9"]
[EventCountry "IND"]
[SourceTitle "CBM 184 Extra"]
[Source "ChessBase"]
[SourceDate "2018.06.28"]
[SourceVersion "1"]
[SourceVersionDate "2018.06.28"]
[SourceQuality "1"]

1. e4 e5 2. Nc3 Nc6 3. g3 Nf6 4. Bg2 a6 5. Nge2 Bc5 6. 0-0 d6 7. d3 Be6 8. Nd5 Bxd5 9. exd5 Ne7 10. d4 exd4 11. Nxd4 0-0 12. c4 h6 13. b3 Qd7 14. Bb2 Ng6 15. Qc2 Ne5 16. h3 Rfe8 17. Nf5 g6 18. Nd4 Qc8 19. Kh2 Qb8 20. Ne6 Bb6 21. c5 Bxc5 22. Bxe5 Qd8 1-0

[Event "Hanoi HD Bank op-A 8th"]
[Site "Hanoi"]
[Date "2018.03.10"]
[Round "1"]
[White "Dimakiling, Oliver"]
[Black "Kulkarni, Chinmay"]
[Result "1-0"]
[WhiteElo "2441"]
[BlackElo "2215"]
[PlyCount "52"]
[EventDate "2018.03.10"]
[EventType "swiss"]
[EventRounds "9"]
[EventCountry "VIE"]
[SourceTitle "CBM 183 Extra"]
[Source "ChessBase"]
[SourceDate "2018.04.19"]
[SourceVersion "1"]
[SourceVersionDate "2018.04.19"]
[SourceQuality "1"]

1. Nf3 Nf6 2. d4 d5 3. e3 c6 4. Bd3 g6 5. h3 Bg7 6. 0-0 0-0 7. c4 Nbd7 8. Nc3 dxc4 9. Bxc4 c5 10. Qe2 cxd4 11. Nxd4 a6 12. a4 Ne5 13. Ba2 Bd7 14. Rd1 Qc7 15. e4 e6 16. Bf4 Rad8 17. Rac1 Qb8 18. Qe3 Bc8 19. a5 Rfe8 20. Na4 Bf8 21. Nb6 Bd6 22. Bg5 Be7 23. f4 Nc6 24. e5 Nd7 25. Nxc6 bxc6 26. Bxe7 Rxe7 1-0

[Event "Hanoi HD Bank op-A 8th"]
[Site "Hanoi"]
[Date "2018.03.10"]
[Round "2"]
[White "Kulkarni, Chinmay"]
[Black "Rathnakaran, Kantholi"]
[Result "1/2-1/2"]
[WhiteElo "2215"]
[BlackElo "2395"]
[PlyCount "53"]
[EventDate "2018.03.10"]
[EventType "swiss"]
[EventRounds "9"]
[EventCountry "VIE"]
[SourceTitle "CBM 183 Extra"]
[Source "ChessBase"]
[SourceDate "2018.04.19"]
[SourceVersion "1"]
[SourceVersionDate "2018.04.19"]
[SourceQuality "1"]

1. e4 c5 2. Nf3 e6 3. d4 cxd4 4. Nxd4 Nc6 5. Nc3 Qc7 6. f4 a6 7. Nxc6 bxc6 8. Bd3 d5 9. 0-0 Nf6 10. Qe2 h5 11. e5 Ng4 12. Kh1 g6 13. Bd2 Bb7 14. Na4 c5 15. c4 d4 16. Be4 Bxe4 17. Qxe4 Rd8 18. Ba5 Qxa5 19. Qc6+ Ke7 20. Nxc5 Ne3 21. b4 Qa3 22. Qc7+ Ke8 23. Qc6+ Ke7 24. Nb7 Nxf1 25. Qc7+ Rd7 26. Qc5+ Ke8 27. Qc8+ 1/2-1/2

[Event "Moscow Aeroflot op-B 17th"]
[Site "Moscow"]
[Date "2018.02.25"]
[Round "6"]
[White "Kulkarni, Chinmay"]
[Black "Maltsevskaya, Aleksandra"]
[Result "1-0"]
[WhiteElo "2215"]
[BlackElo "2274"]
[PlyCount "87"]
[EventDate "2018.02.20"]
[EventType "swiss"]
[EventRounds "9"]
[EventCountry "RUS"]
[SourceTitle "CBM 183 Extra"]
[Source "ChessBase"]
[SourceDate "2018.04.19"]
[SourceVersion "1"]
[SourceVersionDate "2018.04.19"]
[SourceQuality "1"]

1. e4 c5 2. Nf3 e6 3. d4 cxd4 4. Nxd4 Nc6 5. Nc3 a6 6. Be2 d6 7. 0-0 Nf6 8. Be3 Be7 9. a4 0-0 10. f4 Qc7 11. Nb3 Nd7 12. a5 b5 13. axb6 Nxb6 14. Qe1 Rb8 15. Qg3 Bf6 16. Rad1 Bb7 17. Kh1 Nb4 18. Nd4 Rbd8 19. Rd2 Nc4 20. Bxc4 Qxc4 21. Rfd1 Qc7 22. Nf3 Bc6 23. Bd4 Bxd4 24. Nxd4 Bb7 25. f5 Qe7 26. Rf2 Kh8 27. h3 Nc6 28. Nxc6 Bxc6 29. Rfd2 e5 30. Nd5 Bxd5 31. Rxd5 Rb8 32. Qa3 Kg8 33. b3 Qc7 34. c4 Qb7 35. R1d3 h5 36. f6 g6 37. Qxd6 Rbe8 38. Rxe5 Rd8 39. Qxd8 Rxd8 40. Rxd8+ Kh7 41. Ree8 Kh6 42. h4 g5 43. Rg8 gxh4 44. Rg7 1-0

[Event "Moscow Aeroflot op-B 17th"]
[Site "Moscow"]
[Date "2018.02.24"]
[Round "5"]
[White "Xiao, Yiyi"]
[Black "Kulkarni, Chinmay"]
[Result "1-0"]
[WhiteElo "2334"]
[BlackElo "2215"]
[PlyCount "83"]
[EventDate "2018.02.20"]
[EventType "swiss"]
[EventRounds "9"]
[EventCountry "RUS"]
[SourceTitle "CBM 183 Extra"]
[Source "ChessBase"]
[SourceDate "2018.04.19"]
[SourceVersion "1"]
[SourceVersionDate "2018.04.19"]
[SourceQuality "1"]

1. d4 d5 2. c4 c6 3. cxd5 cxd5 4. Bf4 Nc6 5. e3 Nf6 6. Nc3 Bg4 7. Qb3 Na5 8. Qa4+ Bd7 9. Qc2 Rc8 10. Bd3 b5 11. Qe2 b4 12. Nd1 Nc4 13. Nf3 e6 14. Ne5 Nxe5 15. Bxe5 Be7 16. f3 0-0 17. 0-0 Qb6 18. Nf2 Ne8 19. Ba6 Ra8 20. Rfc1 Nd6 21. Rc5 Bc8 22. Bd3 Nc4 23. Bxc4 dxc4 24. Bc7 Qa6 25. Rxc4 b3 26. Qd3 bxa2 27. Qb3 e5 28. d5 Qh6 29. Rxa2 Bg5 30. Ra3 Bd7 31. Bxe5 Rfe8 32. Bd4 Bf4 33. g3 Bd6 34. Rxa7 Rab8 35. Rb7 Qg5 36. Ne4 Qxd5 37. Rcb4 Qc6 38. Rxb8 Qc1+ 39. Kg2 Bh3+ 40. Kxh3 Qf1+ 41. Kh4 Be7+ 42. Nf6+ 1-0

[Event "Moscow Aeroflot op-B 17th"]
[Site "Moscow"]
[Date "2018.02.23"]
[Round "4"]
[White "Kulkarni, Chinmay"]
[Black "Gukesh, Dommaraju"]
[Result "1-0"]
[WhiteElo "2215"]
[BlackElo "2320"]
[PlyCount "59"]
[EventDate "2018.02.20"]
[EventType "swiss"]
[EventRounds "9"]
[EventCountry "RUS"]
[SourceTitle "CBM 183 Extra"]
[Source "ChessBase"]
[SourceDate "2018.04.19"]
[SourceVersion "1"]
[SourceVersionDate "2018.04.19"]
[SourceQuality "1"]

1. e4 c5 2. Nf3 Nc6 3. d4 cxd4 4. Nxd4 g6 5. Nxc6 bxc6 6. Nc3 Bg7 7. Bc4 d6 8. 0-0 Nf6 9. Bb3 0-0 10. h3 Bb7 11. Be3 d5 12. exd5 cxd5 13. Bd4 e6 14. Re1 Nd7 15. Bxg7 Kxg7 16. Qd2 Qf6 17. Rad1 Rfc8 18. Qe3 Bc6 19. Ne2 Qxb2 20. Nd4 Kg8 21. c4 Bb7 22. Nxe6 Re8 23. cxd5 fxe6 24. dxe6 Nb6 25. Rd7 Ba6 26. Qf4 Kh8 27. Rd4 h5 28. Qh6+ Kg8 29. Qxg6+ Kh8 30. Qxh5+ 1-0